000 00677nam a2200193Ia 4500
003 GCL
008 140319s9999 xx 000 0 ara d
040 _aGCL /
_cGCL
082 0 4 _a923.2
_b
_bح ر
100 1 _aحسين مؤنس
245 1 0 _aرائد نصر المسلمين على الصليبين نور الدين محمود: سيرة مؤمن صادق /
_cحسين مؤنس
250 _aالثالثة
260 _aالرياض :
_bالدار السعودية للنشر والتوزيع ،
_c1987
300 _a351 ص ؛
_c24 سم
490 _a100 قصة
_v0
650 0 4 _aالاسلام - تراجم
650 0 4 _aنورالدين محمود
942 _2ddc
_cBK
999 _c45369
_d45369